000 00873nas a2200253 4500
001 BR2011004801
003 BR-BrBNA
005 20231205115542.0
007 ta
008 230509b bl.|||p| |||| 00| 00por d
040 _aBR-BrBNA
_bpor
_cBiblioteca Nacional de Agricultura
041 _a(En)
072 _aF02
100 1 _aRodrigues, P.H.V.
245 1 _aSomaclonal variation in micropropagated Heliconia Bihai cv. lobster claw I plantlets (Heliconiaceae)
246 1 _aSomaclonal variation in micropropagated Heliconia Bihai cv. lobster claw I plantlets (Heliconiaceae)
650 _aHELICONIA
650 _aMICROPROPAGAÇÃO
650 _aMUDA
650 _aVARIAÇÃO CLONAL
773 0 _tScientia Agricola (Brazil)
_xISSN 0103-9016
_g(Nov-Dec 2008), v. 65(6) p. 681-684
_wBR2011004801
909 _a202311
_bLúcia
_c55
_dLúcia Elande
942 _2AGRIS
_n0
_cANA
999 _c214404
_d214404